000 00383 a2200145 4500
001 163526
020 _a
040 _cMagnum
100 _aMurad, Jose Elias
240 1 0 _aO perfil epidemiologico do usuario de drogas em mg/brasil
_lpor
245 1 0 _aO perfil epidemiologico do usuario de drogas em mg/brasil
362 0 _a1899
697 _aCIENCIAS MEDICAS SAUDE
942 _cBK
999 _c163526
_d163526